| Tag |
First Indicator |
Second Indicator |
Subfields |
| LEADER |
00000cam a2200000 4500 |
| 001 |
in00000066648 |
| 005 |
20151007083701.0 |
| 008 |
741120s1951 mau b 00000 eng |
| 010 |
|
|
|a 51011749
|
| 035 |
|
|
|a (OCoLC)01080861
|
| 035 |
|
|
|9 AAF9728AM
|
| 040 |
|
|
|a DLC
|c CWR
|d TXA
|d UtOrBLW
|
| 041 |
1 |
|
|a eng
|a fre
|
| 049 |
|
|
|a TXAM
|c [272282]
|
| 050 |
0 |
0 |
|a HM22.G3
|b M362
|
| 082 |
0 |
|
|a 301
|
| 092 |
|
|
|a 301
|b M297s
|
| 100 |
1 |
|
|a Maquet, Jacques Jérôme Pierre,
|d 1919-2013.
|
| 245 |
1 |
4 |
|a The sociology of knowledge ;
|b its structure and its relation to the philosophy of knowledge, a critical analysis of the systems of Karl Mannheim and Pitirim A. Sorokin /
|c Translated by John F. Locke, with a pref. by F.S.C. Northrop.
|
| 264 |
|
1 |
|a Boston :
|b Beacon Press,
|c 1951.
|
| 300 |
|
|
|a xix, 318 pages ;
|c 22 cm.
|
| 336 |
|
|
|a text
|b txt
|2 rdacontent
|
| 337 |
|
|
|a unmediated
|b n
|2 rdamedia
|
| 338 |
|
|
|a volume
|b nc
|2 rdacarrier
|
| 504 |
|
|
|a Bibliography: pages 298-311.
|
| 600 |
1 |
0 |
|a Mannheim, Karl,
|d 1893-1947.
|
| 600 |
1 |
0 |
|a Sorokin, Pitirim Aleksandrovich,
|d 1889-1968.
|
| 650 |
|
0 |
|a Knowledge, Theory of.
|
| 999 |
|
|
|a MARS
|
| 999 |
f |
f |
|s 6354ac28-c0bd-3de3-9413-31913d57c901
|i 42b54638-ca4d-3e35-9727-5a652cbe1f6e
|t 0
|
| 952 |
f |
f |
|p ric
|a Texas A&M University
|b Rellis Campus
|c Joint Library Facility
|d Remote Storage
|t 0
|e HM22.G3 M362
|h Library of Congress classification
|i unmediated -- volume
|m A14800633290
|
| 998 |
f |
f |
|a HM22.G3 M362
|t 0
|l Remote Storage
|